000
00325nam a22001457a 4500
003
OSt
008
250424b |||||||| |||| 00| 0 eng d
020
_a
9789391165482
100
_a
WARIKOO,Ankur
245
_a
Do Epic Shit
260
_a
New Delhi
_b
juggernaut
_c
2021
300
_a
291
650
_a
General
942
_2
ddc
_c
BK
999
_c
13428
_d
13428